| 000 | 012970000a22002170004500 | ||
|---|---|---|---|
| 020 | _a84-7914-203-0 | ||
| 041 | 0 | _aSPA | |
| 082 | 0 | 4 | _aG 253 R1753t |
| 100 | 1 | _aRamos Guerreira, Julio A. (1949-) | |
| 245 | 1 | 0 | _aTeología pastoral / Julio A. Ramos Guerreira |
| 260 | _aMadrid : Biblioteca de Autores Cristianos | ||
| 300 | _a450 Pág. | ||
| 440 | 0 | _aSapientia Fidei - Col. de Manuales de Teología | |
| 505 | 0 | 0 | _a- PASTORAL FUNDAMENTAL: Fundamentos bíblicos de la teología pastoral - Historia - La Constitución pastoral del Vaticano II - Raíces eclesiológicas - Criterios de acción pastoral - Modelos de acción pastoral - La programación pastoral - Los agentes de la acción pastoral - El diálogo de la Iglesia y el mundo - PASTORAL ESPECIAL: La evangelización, acción de la Iglesia - La acción misionera - La acción catecumenal - Pastoral de la comunión y de las estructuras comunitarias - La pastoral diocesana - La pastoral parroquial - La pastoral de movimientos, comunidades y grupos - La pastoral del servicio - La pastoral de la palabra - La pastoral litúrgica |
| 650 | 1 | 4 | _aTEOLOGIA PASTORAL \ CONSEJERIA PASTORAL |
| 001 | 13804 | ||
| 942 | _cBK | ||
| 999 |
_c42746 _d42746 |
||
| 336 |
_atexto _btxt _2rdacontent |
||
| 337 |
_2rdamedia _asin mediación _bn |
||
| 338 |
_2rdacarrier _avolumen _bnc |
||